| 000 | 01243nam a2200265Ia 4500 | ||
|---|---|---|---|
| 999 |
_c52501 _d52501 |
||
| 001 | 19524 | ||
| 003 | GE_BSU | ||
| 005 | 20200221104306.0 | ||
| 008 | 181216s1987||||g |||||||||||||| ||geo|| | ||
| 040 | _cGE_BSU | ||
| 041 | _ageo | ||
| 080 | _a81(100) + 81'367 ე-70 | ||
| 100 |
_aენუქიძე, ლ. _97309 |
||
| 245 |
_aძირითადი სინტაქსური თეორიები თანამედროვე საზღვარგარეთულ ენათმეცნიერებაში / _cლ. ენუქიძე ; რედ. მ. მაჭავარიანი. |
||
| 264 |
_aთბილისი : _bმეცნიერება, _c1987. |
||
| 300 |
_a146 გვ. ; _c20 სმ. |
||
| 504 | _a ბიბლიოგრ. გვ. 138 | ||
| 520 | _aრეზიუმე რუსულ ენაზე | ||
| 541 | _h2ლ.40თ. | ||
| 653 | _aენათმეცნიერება | ||
| 653 | _aსინტაქსური თეორიები | ||
| 653 | _aსაზღვარგარეთული ენათმეცნიერება | ||
| 700 |
_aმაჭავარიანი, მ. _eრედაქტორი _97310 |
||
| 942 |
_cBK _2udc |
||